[Event "Belgrade-chT Quality"]
[Site "Belgrade"]
[Date "2016.10.01"]
[Round "1.1"]
[White "Mladenovic, Aleksandar"]
[Black "Georgiev, Viktor"]
[Result "1-0"]
[WhiteElo "1913"]
[BlackElo "1793"]
[PlyCount "71"]
[EventDate "2016.10.01"]
[EventType "team-tourn"]
[EventRounds "11"]
[EventCountry "SRB"]
[SourceTitle "EXT 2018"]
[Source "ChessBase"]
[SourceDate "2017.10.13"]
[SourceVersion "1"]
[SourceVersionDate "2017.10.13"]
[SourceQuality "1"]

1. d4 d5 2. c4 e6 3. Nc3 Nf6 4. cxd5 exd5 5. Bg5 Be7 6. e3 0-0 7. Bd3 Be6 8. Qc2 h6 9. Bh4 Nc6 10. a3 Nd7 11. Bg3 Nb6 12. Nge2 Rc8 13. Nf4 Na5 14. Bf5 Qd7 15. Bxe6 fxe6 16. Qg6 Rf6 17. Qg4 Nb3 18. Rd1 Bd6 19. Bh4 Rf5 20. Nh5 Kh7 21. Qe2 Kh8 22. g4 Rf7 23. Qc2 Na5 24. g5 Rf5 25. f4 hxg5 26. Bxg5 Be7 27. h4 Nac4 28. Ke2 c5 29. Ng3 Rf7 30. Qg6 Bd6 31. h5 cxd4 32. exd4 Kg8 33. h6 e5 34. Nh5 Qg4+ 35. Kf2 Rcf8 36. Nf6+ 1-0

[Event "Belgrade-chT Quality"]
[Site "Belgrade"]
[Date "2015.10.10"]
[Round "3"]
[White "Matovic, Mihajlo Z"]
[Black "Georgiev, Viktor"]
[Result "1-0"]
[WhiteElo "2090"]
[BlackElo "1829"]
[PlyCount "73"]
[EventDate "2015.10.03"]
[EventType "team-tourn"]
[EventRounds "11"]
[EventCountry "SRB"]
[SourceTitle "EXT 2018"]
[Source "ChessBase"]
[SourceDate "2017.10.13"]
[SourceVersion "1"]
[SourceVersionDate "2017.10.13"]
[SourceQuality "1"]

1. e4 e6 2. d4 d5 3. e5 c5 4. c3 Nc6 5. Nf3 Qc7 6. a3 b6 7. Bd3 Nge7 8. 0-0 Ng6 9. b4 Be7 10. Re1 0-0 11. h4 Re8 12. h5 Nf8 13. Nbd2 f6 14. Bb2 fxe5 15. b5 Nd8 16. Nxe5 Bf6 17. Ndf3 Nf7 18. Bc1 Nxe5 19. Nxe5 Nd7 20. Qg4 Nxe5 21. dxe5 Bxe5 22. Bxh7+ Kh8 23. Bc2 Kg8 24. Qg6 Bb7 25. Bg5 Bh2+ 26. Kh1 Qf7 27. Qxf7+ Kxf7 28. Bg6+ Kg8 29. Bxe8 Rxe8 30. Kxh2 e5 31. Bf4 e4 32. f3 Kf7 33. fxe4 dxe4 34. Rad1 Bc8 35. Rd5 Kf6 36. Bg5+ Kf7 37. Rd8 1-0

[Event "Belgrade-chT"]
[Site "Belgrade"]
[Date "2014.10.19"]
[Round "6"]
[White "Mitrovic, Vladan"]
[Black "Georgiev, Viktor"]
[Result "1-0"]
[WhiteElo "1920"]
[BlackElo "1816"]
[PlyCount "91"]
[EventDate "2014.10.04"]
[EventType "team-tourn"]
[EventRounds "13"]
[EventCountry "SRB"]
[SourceTitle "EXT 2015"]
[Source "ChessBase"]
[SourceDate "2014.11.20"]
[SourceVersion "1"]
[SourceVersionDate "2014.11.20"]
[SourceQuality "1"]

1. e4 d6 2. d3 e5 3. Ne2 f5 4. exf5 Bxf5 5. Ng3 Bg6 6. Be2 Nf6 7. c3 Be7 8. Qb3 b6 9. Nd2 Bf7 10. Qa4+ Qd7 11. Qxd7+ Nbxd7 12. 0-0 0-0 13. Nde4 d5 14. Ng5 Bg6 15. Ne6 Rfc8 16. f4 e4 17. dxe4 Nxe4 18. Nxe4 Bxe4 19. Ba6 Nc5 20. Bxc8 Rxc8 21. Nxc5 Bxc5+ 22. Kh1 Rf8 23. b4 Bd6 24. Be3 Ra8 25. Kg1 a5 26. a3 a4 27. g3 c5 28. Rad1 Bf8 29. Rd2 Rb8 30. Rfd1 Rd8 31. Re1 Rb8 32. Bf2 c4 33. Rde2 b5 34. Rxe4 dxe4 35. Rxe4 Rd8 36. Bd4 Rd5 37. Kf2 Kf7 38. Kf3 Bd6 39. h3 g6 40. g4 h5 41. Re2 hxg4+ 42. hxg4 g5 43. Ke4 Rxd4+ 44. Kxd4 gxf4 45. Kd5 Be7 46. Rxe7+ 1-0

[Event "SRB-ch U14"]
[Site "Vrnjacka Banja"]
[Date "2013.05.06"]
[Round "9"]
[White "Georgiev, Viktor"]
[Black "Lojovic, Matija"]
[Result "0-1"]
[WhiteElo "1820"]
[BlackElo "1734"]
[PlyCount "110"]
[EventDate "2013.04.30"]
[EventType "swiss"]
[EventRounds "9"]
[EventCountry "SRB"]
[SourceTitle "CBM 154 Extra"]
[Source "ChessBase"]
[SourceDate "2013.06.25"]
[SourceVersion "2"]
[SourceVersionDate "2013.06.25"]
[SourceQuality "1"]

1. c4 e5 2. Nc3 Nf6 3. g3 Nc6 4. Bg2 d6 5. Nf3 Be6 6. d3 Be7 7. 0-0 h6 8. Rb1 a5 9. a3 Qd7 10. Re1 0-0 11. b4 axb4 12. axb4 Rab8 13. b5 Nd4 14. Be3 Nf5 15. Qd2 Ng4 16. h3 Ngxe3 17. fxe3 Nxg3 18. Kh2 Nf5 19. Ra1 Bh4 20. Rf1 Bg3+ 21. Kh1 Ne7 22. Ne4 Nf5 23. Rg1 Bh4 24. Nxh4 Nxh4 25. Kh2 f5 26. Ng3 Nxg2 27. Rxg2 Kh7 28. Rf2 Rf7 29. b6 cxb6 30. Qb4 Rbf8 31. Qxb6 f4 32. exf4 Rxf4 33. Raf1 Bxh3 34. Rxf4 exf4 35. Rf3 fxg3+ 36. Rxg3 Bf1 37. Qd4 Qf7 38. Kg1 Qf6 39. Qe4+ Kh8 40. Rf3 Qg5+ 41. Kxf1 Rxf3+ 42. Qxf3 Qf6 43. Kg2 Qxf3+ 44. Kxf3 Kg8 45. d4 Kf7 46. e4 Kf6 47. Kf4 g5+ 48. Kg4 Kg6 49. Kf3 h5 50. Kg3 g4 51. Kf4 Kf6 52. Kg3 Kg5 53. d5 h4+ 54. Kg2 b6 55. c5 bxc5 0-1

[Event "SRB-ch U14"]
[Site "Vrnjacka Banja"]
[Date "2013.05.05"]
[Round "8"]
[White "Rajkovic, Mladen"]
[Black "Georgiev, Viktor"]
[Result "1-0"]
[WhiteElo "1971"]
[BlackElo "1820"]
[PlyCount "81"]
[EventDate "2013.04.30"]
[EventType "swiss"]
[EventRounds "9"]
[EventCountry "SRB"]
[SourceTitle "CBM 154 Extra"]
[Source "ChessBase"]
[SourceDate "2013.06.25"]
[SourceVersion "2"]
[SourceVersionDate "2013.06.25"]
[SourceQuality "1"]

1. e4 d6 2. d4 Nf6 3. Nc3 e5 4. dxe5 dxe5 5. Qxd8+ Kxd8 6. Bc4 Ke8 7. f3 a6 8. Be3 Nbd7 9. 0-0-0 b5 10. Bb3 Bd6 11. a3 Bb7 12. Nge2 Ke7 13. g4 h6 14. Ng3 g6 15. h4 Nc5 16. Ba2 h5 17. g5 Nfd7 18. Nd5+ Bxd5 19. Bxd5 Rad8 20. Ne2 Na4 21. Rhe1 Bc5 22. Bd2 Nab6 23. Ba2 Nb8 24. Bc3 Rxd1+ 25. Rxd1 Bd6 26. f4 N6d7 27. f5 Rd8 28. Rf1 gxf5 29. exf5 c5 30. Bd5 Nb6 31. Bf3 Rh8 32. Ng3 Na4 33. Bd2 c4 34. f6+ Ke6 35. Bb4 Bc7 36. Bxh5 e4 37. Bg4+ Ke5 38. h5 a5 39. Rf5+ Kd4 40. Ne2+ Ke3 41. Bd2# 1-0

[Event "SRB-ch U14"]
[Site "Vrnjacka Banja"]
[Date "2013.05.01"]
[Round "2"]
[White "Djordjevic, Vuk D"]
[Black "Georgiev, Viktor"]
[Result "1-0"]
[WhiteElo "2140"]
[BlackElo "1820"]
[PlyCount "75"]
[EventDate "2013.04.30"]
[EventType "swiss"]
[EventRounds "9"]
[EventCountry "SRB"]
[SourceTitle "CBM 154 Extra"]
[Source "ChessBase"]
[SourceDate "2013.06.25"]
[SourceVersion "2"]
[SourceVersionDate "2013.06.25"]
[SourceQuality "1"]

1. e4 d6 2. d4 Nf6 3. Nc3 e5 4. Nf3 Nbd7 5. Bc4 Be7 6. 0-0 0-0 7. Re1 c6 8. a4 b6 9. d5 cxd5 10. Nxd5 Bb7 11. b3 Nxd5 12. Bxd5 Bxd5 13. Qxd5 Qc7 14. Re2 Qc5 15. Qd3 Rac8 16. Bb2 Qc6 17. Rd1 Nc5 18. Qe3 Rc7 19. Nd2 f5 20. exf5 Rxf5 21. Nc4 Rd7 22. Qh3 g6 23. Ne3 Rh5 24. Qg4 Rh4 25. Qf3 Qxf3 26. gxf3 Kf7 27. Nc4 Rd8 28. Red2 Nb7 29. Na3 a6 30. Kg2 Ke6 31. Nc4 b5 32. axb5 axb5 33. Nb6 Rf4 34. Nd5 Rf5 35. f4 e4 36. Rd4 Nc5 37. b4 Nd3 38. Rxe4+ 1-0

[Event "SRB Kadetski festival U14 6th"]
[Site "Vrnjacka Banja"]
[Date "2012.04.14"]
[Round "7"]
[White "Georgiev, Viktor"]
[Black "Matovic, Mihajlo Z"]
[Result "0-1"]
[WhiteElo "1686"]
[BlackElo "2206"]
[PlyCount "110"]
[EventDate "2012.04.10"]
[EventType "swiss"]
[EventRounds "9"]
[EventCountry "SRB"]
[SourceTitle "CBM 148 Extra"]
[Source "ChessBase"]
[SourceDate "2012.06.22"]
[SourceVersion "1"]
[SourceVersionDate "2012.06.22"]
[SourceQuality "1"]

1. c4 Nf6 2. Nc3 g6 3. d4 Bg7 4. g3 0-0 5. Bg2 d6 6. e4 Nbd7 7. f4 c5 8. Be3 Ng4 9. Qxg4 cxd4 10. Bxd4 Bxd4 11. Qf3 Nf6 12. Nge2 Qb6 13. 0-0-0 Be3+ 14. Kc2 Bg4 15. Qf1 Be6 16. Nd5 Bxd5 17. exd5 Ng4 18. Nc3 Bd4 19. Rd3 Ne3+ 20. Rxe3 Bxe3 21. Bh3 Bd4 22. Qd3 Bxc3 23. Qxc3 Qc5 24. b4 Qf2+ 25. Qd2 Qxd2+ 26. Kxd2 a5 27. b5 f5 28. Re1 Rfe8 29. Kd3 Rac8 30. Kd4 Kf7 31. Re6 Rc7 32. Bf1 b6 33. Bd3 Kg7 34. Re2 e6 35. Re3 Kf6 36. dxe6 Rxe6 37. Rxe6+ Kxe6 38. Be2 d5 39. cxd5+ Kd6 40. Bc4 Rc8 41. h3 Re8 42. Bd3 Re1 43. g4 fxg4 44. hxg4 Rg1 45. Be2 Rg2 46. Ke3 Rg3+ 47. Kd4 Ra3 48. Bc4 h5 49. gxh5 gxh5 50. f5 Rf3 51. Ke4 Rf2 52. f6 Rxf6 53. Be2 h4 54. Bg4 Rg6 55. Kf5 Rxg4 0-1